Dirty mind test quiz :) - Statistics

General Stats
  • This quiz has been taken 117 times
  • The average score is 3 of 15
Answer Stats
Hint Answer % Correct
What four-letter word begins with “f” and ends with “k,” and if you can’t get it you can always just use your hands? Fork
77%
What is soft and wet on the inside while hard and hairy on the outside? The word begins with “c,” ends in “t,” and there’s a “u” and an “n” between them. Coconut
35%
You stick your poles inside me. You tie me down to get me up. I get wet before you do. What am I? Tent
34%
I’m spread out before being eaten. Your tongue gets me off. Sometimes people lick my nuts. What am I? Peanut butter
27%
I go in hard, come out soft, and you love to blow me. What am I? Chewing gum
20%
All day long it’s in and out. I discharge loads from my shaft. Both men and women go down on me. What am I? Lift
20%
When I go in, I can cause some pain. I’ll fill your holes when you ask me to. I also ask that you spit and not swallow. What am I? Dentist
19%
Over 1,000 people went down on me. I wasn’t a maiden for long. Something really big and hard ripped me open. What am I? Titanic
14%
Sometimes a finger goes inside me. You fiddle with me when you’re bored. The best man always has me first. What am I? Wedding Band
6%
I come in a lot of different sizes. Sometimes, I drip a little. If you blow me, it feels really good. What am I? Your nose
6%
I’m the highlight of many dates. I’m especially responsive when you put your fingers deep inside me. What am I? Bowling ball
1%
You get a lot of it if you’re important and successful; you get less when you’re just starting out. You sometimes do it with yourself if you need to, but it’s a lot better when it’s with other people. What is it? Email
0%
It’s a fun thing to do and you devote a significant amount of energy to thinking about it, but you hate knowing that your parents are doing it. What is it? Facebook
0%
What does a bride get on her wedding day that’s long and sometimes hard? New name
0%
What’s the difference between an oral thermometer and a rectal thermometer? The taste
0%
No matching quizzes found
Score Distribution
Percent of People with Each Score
Percentile by Number Answered
Your Score History
You have not taken this quiz